| 000 | 01376nam a22002777a 4500 | ||
|---|---|---|---|
| 003 | OSt | ||
| 005 | 20250405041815.0 | ||
| 008 | 250324b ||||| |||| 00| 0 eng d | ||
| 040 |
_bEnglish. _cCvSU-CCAT Campus Library. _erda. |
||
| 050 |
_aUM HF 5381 _bJ38 2006 |
||
| 100 |
_aJavier, Cherie May Y., author. _915521 |
||
| 245 |
_aEmployability of the graduates of the Bachelor of Science in Industrial Education (BSIE) and Bachelor of Science in Industrial Technology (BSIT) of Cavite State University-Rosario S.Y. 2001-2002 and 2002-2003 _cCherie May Y. Javier and Michelle T. Santiago. |
||
| 260 |
_aRosario, Cavite : _bCavite State University-CCAT Campus, _c2006 |
||
| 300 |
_aix, 29 leaves : _billustrations ; _c28 cm |
||
| 500 | _aUndergraduate Thesis (BSIE Major in Foods and Garments) -- Cavite State University-CCAT Campus, 2006. | ||
| 504 | _aIncludes bibliographical references and appendices. | ||
| 546 | _aIn English text | ||
| 650 |
_aEmployability of graduates. _915986 |
||
| 650 |
_aBSIE graduates -- CvSU, Rosario Campus -- Academic Year 2001-2002. _915987 |
||
| 650 |
_aBSIT graduates -- Employability. _915988 |
||
| 650 |
_aGraduate employment. _915370 |
||
| 700 |
_aSantiago, Michelle T., author. _915522 |
||
| 700 |
_aDulce, Nora N., adviser. _914393 |
||
| 942 |
_2lcc _cT/M/D _kUM _hHF 5381 J38 2006 |
||
| 999 |
_c3977 _d3977 |
||